Southville International School and Colleges
Your cart is empty.
  • Cart
  • Lists
    Public lists Eva Luna New books Lux_list list_1
    Your lists Log in to create your own lists
  • Log in to your account
  • Your cookies
  • Search history
Southville International School and Colleges
  • Advanced search
  • Recent comments
  • Most popular
  • Libraries

Log in to your account

Log in with GOOGLE


If you do not have an external account, but do have a local account, you can still log in:

  1. Home
  2. MARC view: Philippine literature
Normal view MARC view ISBD view

Philippine literature (Record no. 18348)

[ view plain ]
MARC details
000 -LEADER
fixed length control field 01193nam a2200373 a 4500
001 - CONTROL NUMBER
control field 1881403
003 - CONTROL NUMBER IDENTIFIER
control field OSt
005 - DATE AND TIME OF LATEST TRANSACTION
control field 20140310183019.0
008 - FIXED-LENGTH DATA ELEMENTS--GENERAL INFORMATION
fixed length control field 830119s1982 ph b 000 0 eng
010 ## - LIBRARY OF CONGRESS CONTROL NUMBER
LC control number 83107459
020 ## - INTERNATIONAL STANDARD BOOK NUMBER
International Standard Book Number 9712705994
040 ## - CATALOGING SOURCE
Original cataloging agency DLC
Transcribing agency DLC
Modifying agency DLC
050 00 - LIBRARY OF CONGRESS CALL NUMBER
Classification number PL 5531
Item number .L957 1997
082 00 - DEWEY DECIMAL CLASSIFICATION NUMBER
Classification number FIL 899.21103
Item number P538 1997
245 00 - TITLE STATEMENT
Title Philippine literature
Remainder of title a history & anthology
Statement of responsibility, etc Lumbera, Bienvenido; Lumbera, Cynthia Nograles
250 ## - EDITION STATEMENT
Edition statement rev. ed.
260 ## - PUBLICATION, DISTRIBUTION, ETC. (IMPRINT)
Place of publication, distribution, etc Metro Manila, Philippines :
Name of publisher, distributor, etc National Book Store,
Date of publication, distribution, etc c1997.
260 ## - PUBLICATION, DISTRIBUTION, ETC. (IMPRINT)
Place of publication, distribution, etc Pasig City, Philippines :
Name of publisher, distributor, etc Anvil Publishing, Inc.,
Date of publication, distribution, etc c1997.
300 ## - PHYSICAL DESCRIPTION
Extent 440 p.
Dimensions 26 cm.
500 ## - GENERAL NOTE
General note English or Tagalog.
504 ## - BIBLIOGRAPHY, ETC. NOTE
Bibliography, etc Includes bibliographies.
521 ## - TARGET AUDIENCE NOTE
Target audience note
541 ## - IMMEDIATE SOURCE OF ACQUISITION NOTE
-- 1
541 ## - IMMEDIATE SOURCE OF ACQUISITION NOTE
-- 1
562 ## - COPY AND VERSION IDENTIFICATION NOTE
Number of copies 2
650 #0 - SUBJECT ADDED ENTRY--TOPICAL TERM
Topical term or geographic name as entry element Tagalog literature.
650 #0 - SUBJECT ADDED ENTRY--TOPICAL TERM
Topical term or geographic name as entry element Philippine literature (English)
650 #0 - SUBJECT ADDED ENTRY--TOPICAL TERM
Topical term or geographic name as entry element Tagalog literature
General subdivision History and criticism.
650 #0 - SUBJECT ADDED ENTRY--TOPICAL TERM
Topical term or geographic name as entry element Philippine literature (English)
General subdivision History and criticism.
700 1# - ADDED ENTRY--PERSONAL NAME
Personal name Lumbera, Bienvenido.
700 1# - ADDED ENTRY--PERSONAL NAME
Personal name Lumbera, Cynthia Nograles.
906 ## - LOCAL DATA ELEMENT F, LDF (RLIN)
a 7
b cbc
c orignew
d 4
e ncip
f 19
g y-gencatlg
942 ## - ADDED ENTRY ELEMENTS (KOHA)
Source of classification or shelving scheme Library of Congress Classification
Koha item type Books
Call number prefix Filipininana
Holdings
Withdrawn status Lost status Source of classification or shelving scheme Damaged status Home library Current library Shelving location Date acquired Total Checkouts Full call number Barcode Date last seen Copy number Price effective from Koha item type Date checked out Total Renewals
    Library of Congress Classification   College Library College Library Filipiniana Section 02/13/2013   PL 5531 .L957 1997 c14740 05/08/2018 1 02/13/2013 Books    
    Library of Congress Classification   College Library College Library Filipiniana Section 05/06/2013 1 PL 5531 .L957 1997 c6783 05/08/2018 2 05/06/2013 Books 06/18/2015  
    Library of Congress Classification   College Library College Library Filipiniana Section 05/06/2013 3 PL 5531 .L957 1997 c10316 05/08/2018 4 05/06/2013 Books 03/05/2016 10
    Library of Congress Classification   College Library College Library Filipiniana Section 05/17/2013 1 PL 5531 .L957 1997 c6782 09/18/2024 5 05/17/2013 Books 09/18/2024  
    Library of Congress Classification   College Library College Library Filipiniana Section 06/08/2013 3 PL 5531 .L957 1997 C12762 05/08/2018 6 06/08/2013 Books 03/05/2016 3

Philippine literature

APA

Lumbera B., Lumbera C. N., . (1997). Philippine literature. Metro Manila, Philippines: National Book Store.

Chicago

Lumbera Bienvenido, Lumbera Cynthia Nograles, . 1997. Philippine literature. Metro Manila, Philippines: National Book Store.

Harvard

Lumbera B., Lumbera C. N., . (1997). Philippine literature. Metro Manila, Philippines: National Book Store.

MLA

Lumbera Bienvenido, Lumbera Cynthia Nograles, . Philippine literature. Metro Manila, Philippines: National Book Store. 1997.

  • Place hold
  • Print
  • Cite
  • Add to your cart (remove)
  • Save record
    BIBTEX Dublin Core MARCXML MARC (non-Unicode/MARC-8) MARC (Unicode/UTF-8) MARC (Unicode/UTF-8, Standard) MODS (XML) RIS
  • More searches
    Search for this title in:
    Other Libraries (WorldCat) Other Databases (Google Scholar) Online Stores (Bookfinder.com) Open Library (openlibrary.org)

Exporting to Dublin Core...

SOUTHVILLE LIBRARY

Southville International School and Colleges Library

1281 Tropical Ave. Cor. Luxembourg St., BF Homes International, Las Pinas City

Tel. No. 8256374 / 252358 Loc. 117/146

Powered by Koha